| 000 | 00676na a2200253 4500 | ||
|---|---|---|---|
| 001 | 13409 | ||
| 003 | MIRAKIL | ||
| 005 | 20181213154828.0 | ||
| 008 | 161003b tu 000 0 | ||
| 020 | _a9755201939 | ||
| 035 | _a13409 | ||
| 040 |
_aMilas _btur _cTR-AnCHP |
||
| 082 |
_a956.93 _bM25d 2003 |
||
| 090 | _a956.93 M25d 2003 | ||
| 100 | _aManisalı, Erol | ||
| 245 |
_aDünden bugüne Kıbrıs _cErol Manisalı |
||
| 250 | _a2. bs. | ||
| 260 |
_aİstanbul _bGündoğan Yayınları _c2003 |
||
| 300 |
_a172 s. _c21 sm. |
||
| 504 | _aKaynakça var. | ||
| 650 |
_aKuzey Kıbrıs Türk Cumhuriyeti (KKTC) _xTarih |
||
| 650 |
_aTarih _zKıbrıs |
||
| 942 |
_2ddc _cBKS |
||
| 999 |
_c1595 _d1595 |
||